01433pab a2200145 454500008004000000100002100040245005300061260000900114300001300123362000800136520107500144650001701219650001701236773003401253180718b2001 xxu||||| |||| 00| 0 eng d aTaylor, Brian D. aRussias' passive army: rethinking military coup. c2001 ap.924-52 aOct aMilitary coups are considered most likely when state political capacity is low and the army 's corporate interests are threatened. However, these conditions are also frequently present in situation in which the military remains politically passive, weakening the explanatory power of these propositions. In Russia, an extremely weak state coexists with an army whose corporate interests have been threatened over the past decade, yet the military has not intervened in high politics. Two alternative explanations for this behavior are examined, one based on internal cleavages in the army (organizational structure) and the second on officer corps norms (organizational culture). Although both accounts are plausible, organizational culture provides the best explanation for Russian military passivity. The importance of this variable is demonstrated in a study of Russian military behavior from 1992 to 1999. Studying nonevents, and moving beyond the coup/noncoup dichotomy, provides a more complete picture of military behavior in domestic politics. - Reproduced. aRussia. Army aArmed forces aComparative Political Studies